00334nam a2200109Ia 450000500170000000800410001710000260005824500940008426000200017830000110019865000150020920260328104335.0260328s9999||||xx |||||||||||||| ||und|| aSantamaría, Camilo  0aBogotá Construye su Futuro :b Habitat escolar para el Siglo XXI /cCamilo Santamaría bBogotá Humana a283 p. aESTRUCTURA